00415nam a2200145Ia 45000010006000000050017000060080041000230410008000640820013000721000038000852450121001232600009002446500008002536540008002612357220260414150946.0260414t2015||||xx |||||||||||||| ||spa|| aESP a670bH44 aHernández López, GabrieleAUT 0aFundamentos y planeación de la manufactura automatizada :bun enfoque de los sistemas integrados de la manufactura c2015 aTCA aCII